00000000nam##2200000za#4500
0019.699416
003CaOODSP
00520210625000354
007cr |||||||||||
008150407|1974||||xxc|||||o    f|0| 0 eng|d
040 |aCaOODSP|beng
043 |an-cn---
0861 |aA43-1469/1974E-PDF
1101 |aCanada.|bAgriculture Canada.|bResearch Branch.
24510|aIntegrated control of the greenhouse whitefly / |h[electronic resource]|c[by] R.J. McClanahan.
260 |aOttawa - Ontario : |bAgriculture Canada. |c1972, reprinted 1972, 1974.
300 |a8p.|bfig., photographs
500 |aHistorical publication digitized by Agriculture and Agri-Food Canada.
590 |a14-11-Supp|b2014-05-21
69007|aGreenhouses|2gcpds
69007|aInsects|2gcpds
69007|aParasites|2gcpds
69007|aPests|2gcpds
77508|tLa lutte intégrée contre l'aleurode des serres / |w(CaOODSP)9.643402
85640|ahttp://publications.gc.ca|qPDF|s613 KB|uhttps://publications.gc.ca/collections/collection_2014/aac-aafc/agrhist/A43-1469-1974-eng.pdf
986 |a1469